000 00777nam a22002777a 4500
001 0011767
003 KOHA_MİRAKIL
005 20260207001828.0
007 ta
008 120206b1988 tu |||grd|||#0|||0|tur |
020 _a9757553018
040 _aTR-BiSEU
_btur
_cTR-BiSEU
_erda
041 0 _atur
044 _ctu
050 _aTK7804
_b.C34 1988
245 0 _aÇağlayan elektronik sözlüğü :
_bİngilizce - Türkçe/
_chazırlayanlar Y. Tokad...[ve bşk.].
264 1 _aİstanbul :
_bÇağlayan
_c1988
300 _a665 sayfa
336 _ametin
_btxt
_2rdacontent
337 _aaracısız
_bn
_2rdamedia
338 _acilt
_bnc
_2rdacarrier
500 _aKaynakça var.
650 0 _aElectronics--Dictionaries.
_912287
907 _aSözlük
942 _2lcc
_cBK
999 _c11736
_d11736